Introducción a la Historia

Na minha lista:
Detalhes bibliográficos
Autor principal: Bloch, Marc (Autor)
Formato: Livro
Idioma:espanhol
Publicado em: Ciudad de México Fondo de Cultura Económica 1967
Edição:5a. ed
coleção:Breviarios, 64
Assuntos:
Tags: Adicionar Tag
Sem tags, seja o primeiro a adicionar uma tag!

MARC

LEADER 00000cam a2200000 a 4500
001 UCD2961
003 CL-VaPUC
008 160520e19670000mx |||||||||||||||||spa|d
082 0 4 |a 907.2  |b BLO  |2 21 
100 0 |a Bloch, Marc  |e author  |9 497099 
245 1 0 |a Introducción a la Historia 
250 |a 5a. ed 
300 |a 159 p 
942 |c BK 
945 |d 20160520 11:34:00  |a dcastane 
260 |a Ciudad de México  |b Fondo de Cultura Económica  |c 1967 
650 0 |a Historiografía   |9 257871 
650 0 |a Filosofía de la historia  |9 265651 
583 |a last modification  |c 20160520 11:34:00  |k Rodrigo Vera 
490 0 |a Breviarios, 64 
999 |c 364070  |d 364068 
952 |0 0  |1 0  |3 erd  |4 0  |6 907_200000000000000_BLO_1967  |7 0  |8 A  |9 476982  |a FDOHBE  |b FDOHBE  |e Huesbe Llanos, Marco Antonio, 1934-  |i 5304210  |o 907.2 BLO 1967  |p 5304210  |r 2024-01-30  |w 2019-11-24  |y BK  |z Catalogado en:20160520  |k HBE